Catálogo

Los nuevos medios de comunicación en la enseñanza moderna / (Registro nro. 34942)

Detalles MARC
000 -LEADER
fixed length control field 01139cam a2200301 i 4500
001 - CONTROL NUMBER
control field 34942
003 - CONTROL NUMBER IDENTIFIER
control field Mx-PuUPA
005 - DATE AND TIME OF LATEST TRANSACTION
control field 20240410103755.0
008 - FIXED-LENGTH DATA ELEMENTS--GENERAL INFORMATION
fixed length control field 140415s2000 ag r 000 0 spa d
040 ## - CATALOGING SOURCE
Original cataloging agency MX-PuUPA
Language of cataloging spa
Description conventions rda
Transcribing agency Mx-PuUPA
Modifying agency Mx-PuUPA
041 1# - LANGUAGE CODE
Language code of text/sound track or separate title spa
Language code of original eng
240 10 - UNIFORM TITLE
Uniform title The new media and education.
Language of a work Español
245 14 - TITLE STATEMENT
Title Los nuevos medios de comunicación en la enseñanza moderna /
Statement of responsibility, etc. compilador, Bruce J. Biddle ; colaboradores, Neal Balanoff, Nelson Foote [y otros doce] ; traduccion, Robert Juan Walton.
250 ## - EDITION STATEMENT
Edition statement 1a. edición
264 #1 - PRODUCTION, PUBLICATION, DISTRIBUTION, MANUFACTURE, AND COPYRIGHT NOTICE
Place of production, publication, distribution, manufacture Argentina :
Name of producer, publisher, distributor, manufacturer Editorial Páidos,
Date of production, publication, distribution, manufacture, or copyright notice 1970
300 ## - PHYSICAL DESCRIPTION
Extent 455 páginas ;
Dimensions 19 cm.
336 ## - CONTENT TYPE
Content type term texto
Fuente rdacontent
Content type code txt
337 ## - MEDIA TYPE
Media type term sin medio
Source rdamedia
Media type code n
338 ## - CARRIER TYPE
Carrier type term volumen
Source rdacarrier
Carrier type code nc
700 1# - ADDED ENTRY--PERSONAL NAME
Personal name Rossi, Peter H.,
Relator term compilador
700 1# - ADDED ENTRY--PERSONAL NAME
Personal name Biddle, Bruce J.,
Relator term compilador
700 1# - ADDED ENTRY--PERSONAL NAME
Personal name Balanoff, Neal,
Relator term colaborador
700 1# - ADDED ENTRY--PERSONAL NAME
Personal name Foote, Nelson,
Relator term colaborador
700 1# - ADDED ENTRY--PERSONAL NAME
Personal name Walton, roberto Juan,
Relator term traductor
765 08 - ORIGINAL LANGUAGE ENTRY
Main entry heading Rossi, Peter H.,
Title The new media and education.
942 ## - ADDED ENTRY ELEMENTS (KOHA)
Source of classification or shelving scheme Dewey Decimal Classification
Koha item type Libro
Classification part 371.3
Item part N9646
Existencias
Withdrawn status Lost status Source of classification or shelving scheme Damaged status Not for loan Collection code Home library Current library Shelving location Date acquired Source of acquisition Total Checkouts Full call number Barcode Date last seen Price effective from Koha item type
    Dewey Decimal Classification     General Biblioteca Karol Wojtyla Biblioteca Karol Wojtyla Sala general 03/12/2013 Compra   371.3 N9646 2000 5284 05/01/2026 06/10/2017 Libro